000 00661nam a2200277Ia 4500
005 20260324131233.0
008 008 260324s9999 xx 000 0 eng d
020 _a9780203051962
037 _aEBOOK
040 _aCRL
040 _beng
040 _cCRL
041 _2eng
041 _aeng
084 _qCRL
100 _aPhilip M. Stahl; Leslie M. Drozd
_91184741
245 0 _aRelocation Issues in Child Custody Cases
260 _bTaylor and Francis
260 _c2006
365 _a
365 _b325
856 _uhttp://www.taylorfrancis.com/books/9780203051962
942 _cEBOOK
999 _c1781715
_d1781715